000
00289nam a22001337a 4500
020
_a
8181160304
082
_a
330.954
100
_a
S.K.Dhawan
245
_a
A Handbook of Indian economy
250
_a
VOL 1
260
_a
New Delhi
_b
Maxford Books
_c
2006
300
_a
311p
942
_c
BK
999
_c
3392
_d
3392